000 00708nam a22002537a 4500
005 20170124110241.0
010 _aA-248429
020 _c00.00
_a0882250736
035 _aA-248429
037 _bCen Lib/Ret
040 _aDPL
_bEN
082 _a900
_bAGE
245 _a8 age of optimism /
_cedited by Alan Palmer
246 _b
260 _aNew York
_bNewsweek Books
_c1974
270 _bNew York
300 _a159p. :
_c29cm(Hb)
_bill.
490 _aMilestones of history
500 _aIncludes index
650 _aHistory, Modern -- 19th century.
_994996
650 _aHistoire -- 19e siècle.
_994997
700 _aPalmer, Alan
_939703
942 _2ddc
_cEN
_h909
_mAGE
999 _c135183
_d135183